00438nam a22000977a 4500082001200000100001600012245020500028260004100233650002100274700004500295 a200 THE aAhmed Fraz  aTH-SOF-1083-Analysis of existing Project Management practices of Engineering Organizations operating on Make-to-Order projects and development of an effective Earned Value Management and Earned Schedu aISLAMABADbNUST COLLEGE OF EMEc2015 aMS-EM-7 MSTHESIS aSUPERVISOR Dr. Syed Tasweer Hussain Shah